| 000 | 00776nab a2200241 a 4500 | ||
|---|---|---|---|
| 005 | 20210219161047.0 | ||
| 008 | 991125s1985 mx 000 0 spa u | ||
| 035 | _aUPN01000177857 | ||
| 100 | 1 | _aCelaya Ramírez, Rosario | |
| 222 | _aREVISTA MEXICANA DE INVESTIGACION EDUCATIVA | ||
| 245 | _aApropiación tecnológica en profesores que incorporan recursos educativos abiertos en educación media superior | ||
| 300 | _a487-513 | ||
| 362 | 0 | _a2010 Vol. 15, no. 45, abr.-jun. | |
| 653 | 0 | _aEDUCACION MEDIA SUPERIOR | |
| 653 | 0 | _aNUEVAS TECNOLOGIAS | |
| 653 | 0 | _aENSEÑANZA | |
| 653 | 0 | _aRECURSOS EDUCATIVOS | |
| 700 | 1 | _aLozano Martínez, Fernando, | |
| 700 | 1 | _ecoaut. | |
| 700 | 1 | _aRamírez Montoya, María Soledad, | |
| 700 | 1 | _ecoaut. | |
| 905 | _aArticulo | ||
| 999 |
_c149960 _d149960 |
||